Countries With B In Their Name That Do Not Begin With B - Statistics

General Stats
  • This quiz has been taken 108 times
    94 since last reset
  • The average score is 18 of 30
Answer Stats
Answer % Correct
Albania
82%
Cambodia
78%
Zambia
78%
Zimbabwe
78%
Colombia
75%
Libya
75%
Cuba
74%
The Gambia
73%
Azerbaijan
71%
Gabon
71%
Mozambique
71%
Serbia
71%
Namibia
70%
Lebanon
67%
Liberia
67%
Dominican Republic
60%
Uzbekistan
59%
Czech Republic
58%
Djibouti
56%
Saudi Arabia
56%
United Arab Emirates
56%
Luxembourg
55%
Antigua And Barbuda
53%
Kiribati
51%
Central African Republic
48%
Democratic Republic Of The Congo
45%
Guinea Bissau
45%
Republic Of The Congo
41%
Trinidad And Tobago
41%
Cabo Verde
21%
No matching quizzes found
Score Distribution
Percent of People with Each Score
Percentile by Number Answered
Your Score History
You have not taken this quiz since the last reset